00677nam a2200181Ia 450000500170000000800460001703700290006304000210009204100130011308400240012624501070015024500400025726000420029730000080033994200220034799900210036995201050039020250508155445.0008 250505s9999 xx 000 0 eng d aBooks to be hide in OPAC aFEDL bengcFEDL aeng2eng a371.89, IND/OqFEDL 0aEight inter-university youth festival 1963: Discussion paper on implication of living in a nuclear age 0cIndia. Education, (Ministry of ...) aDelhi, IndiabManager of Publications a12p cHBh371.89, IND/O c1357037d1357037 00104070aFEDLbFEDLd2025-05-08l0o371.89, IND/OpEL0042197r2025-05-08 15:54:45w2025-05-08yHB